00596nam a22002057a 450000500170000001000130001702000100003003500130004003700160005304000120006908200130008110000230009424500480011726000380016527000110020330000280021450000410024265000540028365000530033720170124110115.0 aA-122295 c00.00 aA-122295 bCen Lib/Ret aDPLbEN a921bJEN aJenkins, Elizabeth aElizabeth the Great /cby Elizabeth Jenkins aLondonbCompanion Book Clubc1958 bLondon a320p. :c18cm(Hb)bill. aIncludes bibliographical references  aElizabeth -- I, -- Queen of England, -- 1533-1603 aGreat Britain -- History -- Elizabeth, 1558-1603